MARC

LEADER 00000nam0a2200000 4500
001 371473
005 20231102012401.0
035 |a (RuTPU)RU\TPU\retro\28883 
035 |a RU\TPU\book\352444 
090 |a 371473 
100 |a 20221020d1977 k y0rusy5003 ca 
101 0 |a rus 
102 |a RU 
105 |a a z 001zy 
200 1 |a Механика эластомеров  |e [сборник научных трудов]  |h Т. 1  |f Кубанский государственный университет ; отв. ред. И. М. Дунаев 
210 |a Краснодар  |c Изд-во Кубанского ГУ  |d 1977 
215 |a 92 с.  |c ил. 
225 1 |a Научные труды Кубанского государственного университета  |v Вып. 242 
320 |a Библиография в конце статей 
606 1 |a Полимеры каучукоподобные  |2 stltpush  |3 (RuTPU)RU\TPU\subj\50352  |9 69040 
610 1 |a эластомеры 
610 1 |a механика 
610 1 |a прочность 
610 1 |a пластичность 
610 1 |a структура 
610 1 |a релаксационные свойства 
610 1 |a термовязкоупругость 
610 1 |a изотропные материалы 
610 1 |a теплопроводность 
610 1 |a краевые задачи 
610 1 |a динамические задачи 
675 |a 678.074  |z rus  |v 3 
702 1 |a Дунаев  |b И. М.  |4 340 
712 0 2 |a Кубанский государственный университет  |2 stltpush  |3 (RuTPU)RU\TPU\col\5347  |9 24088 
801 0 |a RU  |b 63413507  |c 19950704  |g psbo 
801 1 |a RU  |b 63413507  |c 20170116 
801 2 |a RU  |b 63413507  |c 20221020  |g RCR 
942 |c BK